|
|
|
|
| LEADER |
00000nab a2200000 ar4500 |
| 001 |
vtls009085916 |
| 003 |
SK-MaSNL |
| 005 |
20260304210124.0 |
| 008 |
070808|2007 xo u|me|||||||00 ||slo |
| 015 |
|
|
|a SNBRA2007/08
|
| 038 |
|
|
|a SNKBUCL
|
| 040 |
|
|
|a SNKBUCL
|b slo
|c SNKBUCL
|e AACR2
|
| 041 |
0 |
|
|a slo
|
| 044 |
|
|
|a xo
|c SK
|
| 080 |
|
|
|a 2-46-733
|2 2001
|
| 080 |
|
|
|a 355.311.1
|x (437.6)
|2 2001
|
| 080 |
|
|
|a 2-051:355
|x (437.6)
|2 1997
|
| 080 |
|
|
|a 261:355
|2 1997
|
| 080 |
|
|
|a 272/273
|2 1997
|
| 080 |
|
|
|a 354.61
|x (437. 6)
|2 2001
|
| 245 |
0 |
0 |
|a Zmluva medzi Slovenskou republikou a Svätou stolicou
|b o duchovnej službe katolíckych veriacich v ozbrojených silách a ozbrojených zboroch Slovenskej republiky
|
| 610 |
2 |
7 |
|a Ordinariát ozbrojených síl a ozbrojených zborov Slovenskej republiky
|2 snkbucl
|9 183850
|
| 610 |
2 |
7 |
|a Katolícka cirkev
|2 snkbucl
|9 206702
|
| 610 |
2 |
7 |
|a Vojenský rímskokatolícky ordinariát (Slovensko)
|2 snkbucl
|9 1540935
|
| 610 |
1 |
7 |
|a Slovensko.
|b Armáda
|2 snkbucl
|9 116379
|
| 610 |
1 |
7 |
|a Slovensko.
|b Ministerstvo obrany
|2 snkbucl
|9 114952
|
| 630 |
0 |
7 |
|a Základná zmluva medzi Svätou stolicou a Slovenskou republikou
|2 snkbucl
|9 74889
|
| 650 |
0 |
7 |
|a vojenskí duchovní
|2 snkbucl
|9 103870
|
| 650 |
0 |
7 |
|a duchovná služba
|2 snkbucl
|9 25052
|
| 773 |
0 |
|
|t Ročenka 2006
|b Ordinariát ozbrojených síl a ozbrojených zborov Slovenskej republiky
|d Bratislava : Ordinariát OS a OZ SR, 2007
|g S. 18-22
|z 9788089261055
|
| 852 |
|
|
|a SNK
|b KIS3GCP
|
| 958 |
|
|
|a SK
|
| 958 |
|
|
|a NT
|
| 999 |
|
|
|c 3124608
|d 3126538
|